000 00848nam a2200265 a 4500
999 _c329535
_d329535
001 1495667
003 NUST
005 20170512131001.0
008 880520s1989 maua b 001 0 eng
010 _a 88081734
020 _a0669167088
040 _aDLC
_cDLC
_dDLC
050 0 0 _aQD31.2
_b.Z86 1989
082 0 0 _a540 ZUM
_220
100 1 _aZumdahl, Steven S.
_9436
245 1 0 _aChemistry /
_cSteven S. Zumdahl.
250 _a2nd ed.
260 _aLexington, Mass. :
_bD.C. Heath,
_cc1989.
300 _axxv, 1091, 95 p. :
_bill. (some col.) ;
_c26 cm.
500 _aH.B
504 _aIncludes bibliographical references (p. 67) and index.
650 0 _aChemistry.
_9276
906 _a7
_bcbc
_corignew
_d3
_eopcn
_f19
_gy-gencatlg
942 _2ddc
_cBK
_k540 ZUM